00353nam a22001097a 4500020001500000082001600015100002300031245009800054260003500152300002100187880003500208 a7111171829 a300.92bDRU aDrucker, Peter F.  aAdventures of a bystander (Chinese Edition) /cPeter F. Drucker and Tranlated by Yuejuan Liao aChina :bMachine Press,c2005. a332 p. ;c24 cm. 6245-02\ra旁观者的冒险 /